000 01309njm a22002897a 4500
005 20100913144257.0
006 a|||||r|||||00| 0
007 sd ammalaaahaa
008 100901t xxu||||| |||| 00| 0 eng d
028 _aTAE 1345
_bAngel Records
035 _aGR-02135
040 _aSED
_cSED
100 _aTalat Mahmood
_917891
245 _aParchhain /
_cby Talat Mahmood; music by C. Ramchandra; lyric by Noor Lucknavi
_h[Sound recording]
246 _aपरछाईं / तलत महम्मूद द्वारा
260 _aDUM DUM, India
_bAngel Records
_c1967
300 _a1 Sound disc [Gramophone Recording] :
_banalog, 45 rpm
_c7 in. (SP)
_fGramophone Record
500 _aBrief record
500 _aRecord Labels : Angel Records, Purpal
505 _aSide-1 वह जालिम प्यार क्या जाने (Vah jaalim pyar kya jaane) (Talat Mahmood) --Side-2 कटते है दुःख में यह दिन (Katate hai dukh men yah din) (Lata Mangeshkar)
600 _aTalat Mahmood
_919718
650 _aFilm Songs
_xExcerpts
_zIndia
_917892
700 _aC. Ramchandra
_919652
700 _aNoor Lucknavi
_919653
942 _2ddc
_cGR
999 _c45429
_d45429